000 00568nam a2200217 a 4500
999 _c5892
_d5892
001 5892
003 BD-JhCC
005 20180101174400.0
008 171230s1994 uk |||| |||| 000 0 eng d
035 _a(BD-JhCC)5892
040 _aBD-JhCC
_dBD-JhCC
041 _aeng
082 _a320.05
_bSTA 1994
245 _aThe Statesman's Year-Book /
_cedited by Brain Hunter
246 _b131st ed.
260 _aLondon:
_bBPC Hazell Books Ltd;
_c1994
300 _a1709 p,;
_c21 cm
650 _aPolitical Science
_vStatistics
700 _aHunter, Brian
942 _2ddc
_cBK